01255nam a2200253 a 4500001001000000003000900010005001700019007000300036008004100039040002500080082001600105100003400121245011400155260012400269300002800393500025800421500005000679590002700729700003500756910001400791942001300805952016600818999001700984000033592DO-SdBNP20220921142317.0ta110901s1951 dr c 000 0 spa d aDO-SdBNPbspacBNPHU axxxxbA282S aAguiar, Mercedes Laura95908410aLabor educadora de Salomé Ureña de Henríquez /cMercedes Laura Aguiar ; presentación Urania Montás  aCiudad Trujillo, República Dominicana :bEscuela Normal de Señoritas Salomé Ureña :,c1951.fEditora del Caribe a45 p. ;bretrs.c24 cm. aDisertación leída por la profesora señorita Mercedes Laura Aguiar, en la semana de actos celebrados en la escuela normal de señoritas "Salomé Ureña", para conmemorar el centésimo aniversario del nacimiento de la ilustre poetisa educadora.  aDedicado por la autora a Julio Ortega Frier.  aInventariado, 2022/ YL12aMontás, Uraniaepres.982412 aYLockward 2ddccLF2 00102ddc51708DS-FRVaBNPHUbBNPHUcBDd2011-09-01iLF1o p33592-10r2020-06-25w2020-06-25yLF2zPerteneció a la biblioteca personal de Julio Ortega Frier c33083d33083